000 00265nam a22001217a 4500
008 171127b xxu||||| |||| 00| 0 eng d
041 _aeng
080 _a32
100 _a16
101 _aPOL
245 _aTHE AGE OF ENLIGHTENMENT
_cFELLOWS, O.E
942 _2udc
_cBK
999 _c38573
_d38573